Statistics for -ization Vocabulary Quiz

Click here to take the quiz!

General Stats

  • This quiz has been taken 115 times
  • The average score is 9 of 20

Answer Stats

definitionword% Correct
Milk treatment method, named after its French inventorpasteurization
85%
Vaccination to make you more resistant to diseaseimmunisation
74%
FAO, UNESCO and ILO, for exampleorganisation
73%
WHAT HAS HAPPENED IN THIS CLUEcapitalization
70%
Making something more up-to-datemodernisation
65%
All crowds are noisy or All men are bad drivers, for examplegeneralization
63%
Indians, Aborigines and Maori have all experienced this from other nationscolonisation
54%
Balancing out, to make two amounts the sameequalization
50%
When armed forces get ready for warmobilization
49%
When permission is givenauthorisation
39%
Antonym of casualizationformalisation
38%
TV version of a historic eventdramatisation
32%
Interviewer: "What do you think of British ________?" Gandhi: "I think that would be a very good idea"civilization
30%
Enshrining something in lawlegalisation
26%
Classifying things into groups with similar attributescategorization
25%
Treating somone hurtfully or cruellyvictimization
23%
Superficially reasonable explanation that is unrelated to the true, usually less agreeable, reason for an actionrationalization
21%
Every country agreeing that a red traffic light means stop, for examplestandardization
20%
Confinement of someone, especially to a facility for long-term health careinstitutionalisation
18%
When opposing points of view become more entrenchedpolarisation
18%

Score Distribution

Percentile by Number Answered

Percent of People with Each Score

Your Score History

You have not taken this quiz